Statistics for DC Characters

Click here to take the quiz!

General Stats

  • This quiz has been taken 13 times
  • The average score is 44 of 322

Answer Stats

HintAnswer% Correct
His own titleBatman
92%
BatmanRobin (Damian Wayne)
83%
BatmanRobin (Tim Drake)
83%
BatmanNightwing
75%
His own titleFlash (Barry Allen)
67%
His own titleFlash (Wally West)
67%
His own titleGreen Lantern
67%
BatmanHarley Quinn
67%
BatmanJoker
67%
His own titleSuperman
67%
His own titleAtom
58%
SupermanDarkseid
58%
His own titleAquaman
58%
BatmanBatgirl (Barbara Gordon)
58%
BatmanBatgirl (Kathy Cane)
58%
BatmanPoison Ivy
58%
Green LanternSinestro
58%
Their own titleWonder Woman
58%
His own titleCyborg
50%
Death
50%
BatmanDeathstroke
50%
Her own titleBlack Canary
50%
BatmanBane
50%
His own titleGreen Arrow
50%
FlashKid Flash
50%
BatmanRa's Al Ghul
50%
BatmanRed Hood
50%
FlashReverse Flash
50%
His own titleShazam
50%
SupermanSuperboy
50%
SupermanSupergirl
50%
BatmanTalia Al Ghul
50%
Wonder WomanAres
42%
BatmanCatwoman
42%
BatmanDeadshot
42%
Hawk and DoveDove
42%
Suicide SquadAmanda Waller
42%
Teen TitansBeast Boy
42%
ShazamBlack Adam
42%
AquamanAquagirl
42%
AquamanAqualad
42%
Hawk and DoveHawk
42%
HawkmanHawkgirl
42%
His own titleHawkman
42%
OrganizationJustice League
42%
SupermanLex Luthor
42%
SupermanLois Lane
42%
Teen TitansRaven
42%
BatmanSolomon Grundy
42%
Rage LanternsAtrocitus
33%
FlashCaptain Boomeran
33%
FlashCaptain Cold
33%
BatmanClayface
33%
His own titleDoctor Fate
33%
OrganizationDoom Patrol
33%
Justice LeagueFire
33%
BatmanBatwoman
33%
SupermanBizarro
33%
AquamanBlack Manta
33%
BatmanBrain
33%
SupermanGeneral Zod
33%
FlashGorilla Grodd
33%
Her own titleHuntress
33%
Green LanternLegion
33%
OrganizationLegion of Superheroes
33%
BatmanMad Hatter
33%
Green ArrowRed Arrow
33%
Justice LeagueRed Tornado
33%
DarkseidSteppenwolf
33%
Their own titleZatanna
33%
Justice LeagueAtom Smasher
25%
BatmanAzrael
25%
Wonder WomanCheetah
25%
SupermanDoomsday
25%
Justice LeagueFirestorm
25%
BatmanBlack Mask
25%
Justice LeagueBooster Gold
25%
SupermanBrainiac
25%
OrganizationIntergang
25%
John Constantine
25%
Greed LanternsLarfleeze
25%
BatmanMister Freeze
25%
OrganizationOmega Men
25%
OrganizationSuicide Squad
25%
SupermanSuperwoman
25%
OrganizationTeen Titans
25%
Her own titleWonder Twins
25%
AtomCaptain Atom
17%
OrganizationFearsome Five
17%
BatmanFirefly
17%
Legion of SuperheroesBrainiac 5
17%
Brother Blood
17%
FlashHeat Wave
17%
BatmanHush
17%
FlashImpulse
17%
BatmanKiller Croc
17%
FlashKiller Frost
17%
FlashKing Shark
17%
Omega MenLobo
17%
FlashProfessor Zoom
17%
Justice LeagueQuestion
17%
OrganizationThe Interior Five
17%
Legion of SuperheroesUltra Boy
17%
Suicide SquadWeasel
17%
Wonder WomanWonder Girl
17%
BatmanZatara
17%
Green LanternAbin Sur
8%
Wonder WomanArtemis
8%
ShazamCaptain Marvel
8%
Legion of SuperheroesChameleon Boy
8%
WatchmenComedian
8%
Legion of SuperheroesCosmic Boy
8%
SupermanCyborg Superman
8%
DarkseidDesaad
8%
Dex-Starr
8%
WatchmenDoctor Manhattan
8%
SupermanEtrigan
8%
BatmanBat Mite
8%
OrganizationBirds of Prey
8%
Blockbuster
8%
SupermanBloodsport
8%
His own titleBlue Beetle
8%
Legion of SuperheroesBouncing Boy
8%
Teen TitansBumblebee
8%
Justice LeagueAmbush Bug
8%
BatmanGentlemen Ghost
8%
BatmanGhost-Maker
8%
FlashIris West
8%
DeathstrokeJericho
8%
DarkseidKalibak
8%
BatmanKatana
8%
BatmanKiller Moth
8%
SupermanLana Lang
8%
OrganizationLeague of Shadows
8%
OrganizationLegion of Doom
8%
BatmanMenace
8%
BatmanMime
8%
SupermanMongal
8%
BatmanProfessor Pyg
8%
WatchmenRorschach
8%
FlashSavitar
8%
Green LanternTeen Lantern
8%
BatmanThomas Wayne
8%
BatmanVandal Savage
8%
Black CanaryWhite Canary
8%
Wonder WomanWonder Boy
8%
BatmanAaron Cash
0%
Greed LanternsAgent Orange
0%
OrganizationAlpha Centurion
0%
Teen TitansBlackfire
0%
Justice LeagueBoston Brand
0%
ShazamCaptain Marvel Jr.
0%
ShazamCaptain Nazi
0%
Chemo
0%
Doom PatrolChief
0%
BatmanChief O'Hara
0%
Super ManChris Kent
0%
Chronos
0%
Wonder WomanCirce
0%
BatmanCluemaster
0%
OrganizationCompassion Lantern Corp
0%
BatmanCondiment King
0%
Red TornadoCyclone
0%
Wonder WomanDark Angel
0%
FlashDark Flash
0%
Legion of SuperheroesDawnstar
0%
Wonder WomanDecay
0%
Despero
0%
Wonder WomanDoctor Poison
0%
SupermanDraaga
0%
BatmanDuela Dent
0%
Doom PatrolElasti-Girl
0%
CyborgElinore Stone
0%
Legion of SuperheroesEmerald Empress
0%
BatmanEraser
0%
SupermanFaola
0%
OrganizationFatal Five
0%
Wonder WomanFauna Faust
0%
OrganizationFear Lantern Corp.
0%
Wonder WomanFelix Faust
0%
FlashFiddler
0%
BatmanAmadeus Arkham
0%
BatmanAnarky
0%
Baby Doll
0%
BatmanBatman-Jones
0%
Beppo
0%
FlashBlack Flash
0%
HawkmanBlack Hawk
0%
AquamanBlack Orchid
0%
Blaze
0%
Legion of SuperheroesBrainiac 8
0%
BatmanBronze Tiger
0%
B'wana Beast
0%
OrganizationCADMUS
0%
BatmanCalculator
0%
BatmanCalendar Girl
0%
BatmanCalendar Man
0%
BatmanClock King
0%
Agamemnon
0%
Bombshell
0%
Legion of SuperheroesBrainiac 2
0%
OrganizationFreedom Fighters
0%
Wonder WomanGiganta
0%
BatmanGillian Loeb
0%
Teen TitanGizmo
0%
FlashGolden Glider
0%
OrganizationGreed Lantern Corp
0%
OrganizationGreen Lantern Corp
0%
BatmanHarper Row
0%
BatmanHarvey Bullock
0%
OrganizationHawk and Dove
0%
HawkmanHawkwoman
0%
FlashHenry Allen
0%
Wonder WomanHippolyta
0%
OrganizationHope Lantern Corp
0%
Green LanternIsamot Kol
0%
CatwomanIsis
0%
DeathstrokeJackal
0%
Green LanternJackhammer
0%
Green LanternJaclyn
0%
BatmanJames Gordon
0%
BatmanJeremiah Arkham
0%
Teen TitansJinny Hex
0%
Justice LeagueJ'onn J'onzz
0%
BatmanJosephine MacDonald
0%
SupermanKelex
0%
Green LanternKeli Quintela
0%
BatmanKing Cobra
0%
FlashKing Standish
0%
Teen TitansKole
0%
BatmanLady Eve
0%
BatmanLady Shiva
0%
Interior FiveLagomorph
0%
Green LanternLaham
0%
Green LanternLaira
0%
Green LanternLan Dibbux
0%
Black CanaryLarry Lance
0%
SupermanLena Luthor
0%
Teen TitansLilith Clay
0%
SupermanLillian Luthor
0%
SupermanLionel Luthor
0%
SupermanLivewire
0%
BatmanLooker
0%
OrganizationLords Of Order
0%
AquamanLorena Marquez
0%
SupermanLori Lemaris
0%
SupermanLucy Lane
0%
BatmanLunkhead
0%
BatmanLupus
0%
SupermanMagpie
0%
Fearsome FiveMammoth
0%
OrganizationManhunters
0%
BatmanMartha Wayne
0%
SupermanMetallo
0%
OrganizationMetal Men
0%
AtomMicron
0%
Green ArrowMidas
0%
Wonder WomanMinister Blizard
0%
Teen titansMolecule
0%
SupermanMongul
0%
Mordrud
0%
Morgan Le Fay
0%
BatmanMutant Leader
0%
Martian ManhunterM'yrnn J'onzz
0%
BatmanMysto
0%
FirestormNaiad
0%
Justice LeagueNebula Man
0%
Green LanternNekron
0%
Legion of SuperheroesNemesis Kid
0%
SupermanNeutron
0%
Teen TitansNightrider
0%
AtomNightslayer
0%
WatchmenNite Owl
0%
NightwingNite-Wing
0%
BatmanNocturna
0%
SupermanNon
0%
IntergangNoose
0%
FlashNora Allen
0%
BatmanNora Fries
0%
SupermanNyxlygsptlnz
0%
BatmanOgre
0%
Teen TitansOmen
0%
BatmanOnyx
0%
BatmanOrca
0%
SupermanOtis
0%
WatchmenOxymedian
0%
FlashPeek-a-Boo
0%
SupermanPowergirl
0%
SupermanPrankster
0%
SupermanPreus
0%
Teen TitansProtector
0%
Green LanternPurgatory
0%
AquamanQwsp
0%
Suicide SquadRavan
0%
OrganizationRogues
0%
SupermanSam Lane
0%
BatmanSidd
0%
CyborgSilas Stone
0%
OrganizationSirens
0%
Omega MenSlobo
0%
SupermanSuperman Robots
0%
BatmanTony Zucco
0%
FlashTrickster
0%
FlashTurtle
0%
League of AssainsUbu
0%
SupermanUltra Humanite
0%
ShazamUncle Marvel
0%
BatmanVictor Zsasz
0%
AquamanV'lana
0%
FlashWeather Wizard
0%
DeathstrokeWintergreen
0%
BatmanWite Rabbit
0%
Green LanternYellow Lantern
0%
BatmanYo-Yo
0%
SupermanYuda
0%
BatmanZachary Zatara
0%
Green LanternZaneth
0%
BatmanZeiss
0%
Wonder WomanZeus
0%
Teen TitansZookeeper
0%
SupermanZor-El
0%

Score Distribution

Percentile by Number Answered

Percent of People with Each Score

Your Score History

You have not taken this quiz